000 00479nam a2200157 a 4500
001 000031925
005 20200930063303.0
008 110707s200u dr a 000 0 spa d
040 _aDO-SdBNP
_bspa
_cBNPHU
082 _axxx
_bF981a
110 1 _aFundación Agricultura y Medio Ambiente
_958083
245 1 3 _aEl abono verde y la siembra con cobertura /
_ceditora Andrea Brechelt.
260 _aSanto Domingo :
_bFAMA,
_c[20uu]?
300 _a7 p. :
_bil. ;
_c22 cm.
049 _aBNPD
999 _c31416
_d31416